000
002900000a22000970004500
100
1
_a
Fraser, David A.
245
1
0
_a
Frontier Missions : Apostleship of the abnormally born
300
_a
Vol. 3, Núm 4 (1986), Páginas 3-12
773
0
_t
International Journal of Frontier Misions
942
_c
ANA
999
_c
55060
_d
55060